| 000 | 00913cam a2200253 4500 | ||
|---|---|---|---|
| 001 | WB3642-31 | ||
| 008 | 000000n2000 000 0 eng u | ||
| 035 | _a(Sirsi) u108949 | ||
| 245 | _aInvestors to reap tax credit | ||
| 260 | _c2000 | ||
| 490 |
_aFinancial Times _v24 October 2000, 2 |
||
| 490 |
_aFinancial Times _v25 October 2000, 6(2) |
||
| 520 | _aInvestors will receive a tax credit incentive to invest in small businesses in Britain's poorest areas. Ronald Cohen's taskforce report "Enterprising Communities: Wealth Beyond Welfare" also proposes matched government funding to help secure £1bn for deprived areas. | ||
| 590 | _aWB | ||
| 650 | _aDEPRIVED AREAS | ||
| 650 | _aTAX CREDITS | ||
| 650 | _aSOCIAL INVESTMENT TASKFORCE | ||
| 650 | _aURBAN RENEWAL | ||
| 650 | _aFUNDING | ||
| 650 | _aBUSINESS INVESTMENT | ||
| 650 | _aSMALL BUSINESSES | ||
| 690 | _aREGENERATION | ||
| 942 | _n0 | ||
| 999 |
_c65057 _d65057 |
||